| 000 | 00000nas##2200000za#4500 |
|---|---|
| 001 | 9.509695 |
| 003 | CaOODSP |
| 005 | 20210305160055 |
| 007 | ta |
| 008 | 150406c1994||||xxc|| m #||||f| |0fre|d |
| 040 | |aCaOODSP|bfre |
| 041 | |aeng |
| 041 | |afre |
| 043 | |an-cn--- |
| 086 | 1 |aXB351 |
| 110 | 1 |aCanada. |bParlement. |bChambre des communes. |
| 245 | 10|aProjets de loi de la Chambre des communes : |b1re session, 35e législature, 42-44 Élizabeth II, 1994-1995 |
| 260 | |bChambre des communes |
| 546 | |aBilingue |
| 791 | |tBills of the House of Commons : |eeng|w(CaOODSP)9.509694 |